Trouve le footballeur avec ses clubs. - Statistiques

Statistiques générales
  • Ce quiz a été pris 93 fois
    60 depuis la dernière actualisation
  • Le résultat moyen est 16 sur 20
Statistiques - réponses
Clubs Nationalité Réponse % Correct
Stade Rennais FC - Borussia Dortmund - FC Barcelone - Paris Saint Germain 🇫🇷 Dembélé
98%
AS Monaco - Paris Saint Germain - Real Madrid 🇫🇷 Mbappé
98%
FC Barcelone - Paris Saint Germain - Inter Miami 🇦🇷 Messi
98%
Bryne FK - Molde FK - RB Salzbourg - Borussia Dortmund - Manchester City 🇳🇴 Haaland
96%
Sporting CP - Manchester United - Real Madrid - Juventus - Manchester United - Al-Nassr FC 🇵🇹 Ronaldo
96%
Santos FC - FC Barcelone - Paris Saint Germain - Al-Hilal FC - Santos FC 🇧🇷 Neymar
92%
KRC Genk - Chelsea FC - VFL Wolfsburg - Manchester City - SSC Naples 🇧🇪 De Bruyne
90%
Birmingham City - Borussia Dortmund - Real Madrid 🏴󠁧󠁢󠁥󠁮󠁧󠁿 Bellingham
88%
Dinamo Zagreb - Tottenham Hotspur - Real Madrid - AC Milan 🇭🇷 Modric
88%
KRC Genk - Chelsea FC - Real Madrid 🇧🇪 Courtois
82%
VFL Wolfsburg - Charleroi SC - LOSC Lille - SSC Naples - Galatasaray SK 🇳🇬 Osimhen
82%
AI Mokawloon - FC Bâle - Chelsea FC - AS Roma - Liverpool FC 🇪🇬 Salah
82%
FC Porto - Paris Saint Germain 🇵🇹 Vitinha
82%
Tottenham Hotspur - Bayern Munich 🏴󠁧󠁢󠁥󠁮󠁧󠁿 Kane
78%
CF National - FC Groningue - Ajax Amsterdam - Liverpool FC - FC Barcelone - Atletico Madrid - CF National - Grêmio PA - Inter Miami 🇺🇾 Suarez
76%
AC Milan - Paris Saint Germain - Manchester City 🇮🇹 Donnarumma
73%
Hambourg SV - Bayer Leverkusen - Tottenham Hotspur - Los Angeles FC 🇰🇷 Son
65%
Barranquilla FC - Atlético Junior - FC Porto - Liverpool FC Bayern Munich 🇨🇴 Diaz
61%
Dinamo Tbilissi - FC Roustavi - Rubin Kazan - Dinamo Batoumi - SSC Napoli - Paris Saint Germain 🇬🇪 Kvaratskhelia
59%
Cagliari Calcio - Inter Milan 🇮🇹 Barella
51%
Aucun quiz correspondant
Distribution des résultats
% des personnes avec chaque résultat
Percentile par nombre de réponses
Votre historique - résultats
Vous n’avez pas pris ce quiz depuis la dernière actualisation